Evaluación cuantitativa del recurso hídrico y gestión de manejo integral de la subcuenca Santa Lucía, Abangares
保存先:
| 第一著者: | |
|---|---|
| フォーマット: | 図書 |
| 出版事項: |
[San José, Costa Rica]
2008
|
| 主題: | |
| タグ: |
タグ追加
タグなし, このレコードへの初めてのタグを付けませんか!
|
MARC
| LEADER | 00000nam a2200000Ia 4500 | ||
|---|---|---|---|
| 003 | 01081 | ||
| 005 | 20221231144101.0 | ||
| 008 | 140114s2008 c a 000 ||sp d | ||
| 040 | |c cru CEDI | ||
| 090 | |a TFG 5606 | ||
| 100 | |a Hernández Arguedas, Marco Antonio |9 4452 | ||
| 245 | |a Evaluación cuantitativa del recurso hídrico y gestión de manejo integral de la subcuenca Santa Lucía, Abangares | ||
| 260 | |c 2008 |b [San José, Costa Rica] | ||
| 300 | |a vii, 133 hojas; ilustraciones a color, mapas color | ||
| 500 | |a Tesis (licenciatura en ingeniería civil)--Universidad de Costa Rica. Facultad de Ingeniería. Escuela de Ingeniería Civil | ||
| 650 | |x RECURSOS HIDRICOS |x BALANCE HIDRICO (HIDROLOGIA) |x HIDROLOGIA |x CUENCA DEL RIO ABANGARES (COSTA RICA) |x EVAPOTRANSPIRACION |9 4453 | ||
| 942 | |c TFG | ||
| 999 | |c 16655 |d 16655 | ||
